00509nam a2200121Ia 4500008004100000100001900041245008500060245007300145260004700218260000900265650002200274856009100296160809s9999 xx 000 0 und d aWong, Meng Ee. aSUPPORTING INCLUSIVE EDUCATION: NEGOTIATING HOME-SCHOOL PARTNERSHIP IN SINGAPORE cMeng Ee Wong Zi Jia NG Kenneth Poon National Institute of Education. bInternational Journal of Special Education c2015 xSPECIAL EDUCATION uhttp://www.internationaljournalofspecialed.com/docs/IJSE%20ENTIRE%20ISSUE%2030%202.pdf